Central Library OPAC University of Rajshahi

শীতের প্রার্থনা : (Record no. 65048)

MARC details
000 -LEADER
fixed length control field 00813nam a2200241 a 4500
001 - CONTROL NUMBER
control field 65048
003 - CONTROL NUMBER IDENTIFIER
rucl marc code BD-RjUL
005 - DATE AND TIME OF LATEST TRANSACTION
control field 20211209081400.0
008 - FIXED-LENGTH DATA ELEMENTS--GENERAL INFORMATION
fixed length control field 161106s1956 ii ||||| |||| 00| p ben d
020 ## - INTERNATIONAL STANDARD BOOK NUMBER
Terms of availability : Tk. 2.500
035 ## - SYSTEM CONTROL NUMBER
System control number (BD-RjUL)65178
040 ## - CATALOGING SOURCE
Original cataloging agency BD-RjUL
Language of cataloging ben
Transcribing agency BD-RjUL
041 ## - LANGUAGE CODE
Language code of text/sound track or separate title ben
082 ## - DEWEY DECIMAL CLASSIFICATION NUMBER
Edition number 23
Classification number 891.441
Author mark and year BAS 1956
100 1# - MAIN ENTRY--PERSONAL NAME
Personal name বসু, বুদ্ধদেব
9 (RLIN) 162273
245 10 - TITLE STATEMENT
Title শীতের প্রার্থনা :
Remainder of title বসন্তের উত্তর /
Statement of responsibility, etc. বুদ্ধদেব বসু
250 ## - EDITION STATEMENT
Edition statement ২য় সং.
260 ## - PUBLICATION, DISTRIBUTION, ETC. (IMPRINT)
Place of publication, distribution, etc. কলকাতা :
Name of publisher, distributor, etc. নাভানা,
Date of publication, distribution, etc. ১৯৫৬
300 ## - PHYSICAL DESCRIPTION
Pagination ১১৩ পৃ. ;
Size ২৩ সেমি.
650 ## - SUBJECT ADDED ENTRY--TOPICAL TERM
Topical term or geographic name as entry element বাংলা কবিতা
9 (RLIN) 162274
Topical term or geographic name as entry element Bengali Poetry
9 (RLIN) 162275
942 ## - ADDED ENTRY ELEMENTS (KOHA)
Source of classification or shelving scheme Dewey Decimal Classification
Koha item type Books
Holdings
Lost status Source of classification or shelving scheme Damaged status Not for loan Collection code Permanent Location Current Location Shelving location Date acquired Source of acquisition Cost, normal purchase price Total Checkouts Full call number Date last seen Copy number Koha item type
  Dewey Decimal Classification   Not For Loan Non-fiction Central Library, University of Rajshahi Central Library, University of Rajshahi Reading Room 20/10/1959 Warsi book corporation 2.14   B 891.441 BAS 1956 26/02/2017 C-1 Books